| 000 | 01048nam0a22003131 4500 | ||
|---|---|---|---|
| 001 | v19\rc\1774894 | ||
| 005 | 20250619083621.0 | ||
| 035 | _a(NLR Aleph) 004891596 | ||
| 090 |
_a5277166 _c5277166 |
||
| 100 | _a20061204d1904 |||y0rusy50 ca | ||
| 101 | 1 |
_arus _cger |
|
| 102 | _aRU | ||
| 105 | _ay z |||a| | ||
| 200 | 1 |
_aЛихтенштейн _e[Ист. роман] _eПер. с нем. _fВильгельм Гауфф |
|
| 205 | _a2-е изд. | ||
| 210 |
_aСанкт-Петербург [и др.] _cФ.А. Иогансон _d1904 (обл. 1905) _g"Центральная" типо-лит. М.Я. Минкова в Спб. |
||
| 215 |
_a253 с. _d14 |
||
| 532 | 1 | 3 | _aЛихтенштейн |
| 700 | 1 |
_aХауф _bВ. _f1802-1827 _gВильгельм |
|
| 790 | 1 |
_aГауфф _bВ. _f1802-1827 _gВильгельм |
|
| 801 | 0 |
_aRU _bNLR _gpsbo |
|
| 801 | 0 |
_aRU _bRuMoRGB _2psbo |
|
| 801 | 1 |
_aRU _bProSoft-M _2rusmarc |
|
| 852 |
_aNLR _j38.53.7.7 |
||
| 899 |
_aRuMoRGB _jS 33/442 |
||
| 899 | _aБАН | ||
| 942 | _cBOOK | ||
| 980 | _aNB | ||